Introduction to physical anthropology
This successful text, now in its seventh edition, offers a biocultural perspective. It integrates basic evolutionary theory, human genetics, coverage of non-human primates, paleoanthropology, and modern population biology to illustrate the physical and behavioral evolution of human beings. New resea...
Сохранить в:
| Формат: | |
|---|---|
| Язык: | Undetermined |
| Опубликовано: |
Belmont, CA.
West/Wadsworth
2008
|
| Предметы: | |
| Метки: |
Добавить метку
Нет меток, Требуется 1-ая метка записи!
|
| Thư viện lưu trữ: | Trung tâm Học liệu Trường Đại học Cần Thơ |
|---|
| LEADER | 01114nam a2200181Ia 4500 | ||
|---|---|---|---|
| 001 | CTU_194837 | ||
| 008 | 210402s9999 xx 000 0 und d | ||
| 082 | |a 573 | ||
| 082 | |b I.61 | ||
| 245 | 0 | |a Introduction to physical anthropology | |
| 245 | 0 | |c Robert Jurmain ... [et al.] | |
| 260 | |a Belmont, CA. | ||
| 260 | |b West/Wadsworth | ||
| 260 | |c 2008 | ||
| 520 | |a This successful text, now in its seventh edition, offers a biocultural perspective. It integrates basic evolutionary theory, human genetics, coverage of non-human primates, paleoanthropology, and modern population biology to illustrate the physical and behavioral evolution of human beings. New research integrated throughout the text. All Guest Essays are new. A new chapter has been added on Human Growth and Development and timelines have been added before each hominid chapter. Internet resources have been added to the end of each chapter. | ||
| 650 | |a Physical anthropology,Anthropology, Physical,Nhân chủng học vật lý,Nhân học, vật lý | ||
| 904 | |i Tuyến | ||
| 980 | |a Trung tâm Học liệu Trường Đại học Cần Thơ | ||